Online katalóg knižníc regiónu Turca

Lavína (Record no. 22103)

MARC details
000 -LEADER
fixed length control field 01612cam a2200517 a 4500
001 - CONTROL NUMBER
control field 22103
003 - CONTROL NUMBER IDENTIFIER
control field VRT
005 - DATE AND TIME OF LATEST TRANSACTION
control field 20260320104847.0
008 - FIXED-LENGTH DATA ELEMENTS--GENERAL INFORMATION
fixed length control field 240314s2014 xo g 010 f slo
015 ## - NATIONAL BIBLIOGRAPHY NUMBER
National bibliography number SMNBA2015/12
020 ## - INTERNATIONAL STANDARD BOOK NUMBER
International Standard Book Number 9788081640414
Qualifying information (viaz.)
035 ## - SYSTEM CONTROL NUMBER
System control number BB80D03A-6EDF-41F8-AF82-B090C733B1CC
035 ## - SYSTEM CONTROL NUMBER
System control number urn:nbn:sk:snk-amldbu
035 ## - SYSTEM CONTROL NUMBER
System control number urn:nbn:sk:snk-am0090rb
039 #9 - LEVEL OF BIBLIOGRAPHIC CONTROL AND CODING DETAIL [OBSOLETE]
Level of rules in bibliographic description 202403140904
Level of effort used to assign nonsubject heading access points VLOAD
Level of effort used to assign subject headings 202112171030
Level of effort used to assign classification msvkbb04
Level of effort used to assign subject headings 201606101931
Level of effort used to assign classification VLOAD
Level of effort used to assign subject headings 201604291459
Level of effort used to assign classification VLOAD
040 ## - CATALOGING SOURCE
Original cataloging agency POKPOH
Language of cataloging slo
Transcribing agency POKPOH
Modifying agency SNK
Description conventions AACR2
041 0# - LANGUAGE CODE
Language code of text/sound track or separate title slo
044 ## - COUNTRY OF PUBLISHING/PRODUCING ENTITY CODE
MARC country code xo
ISO country code SK
072 #7 - SUBJECT CATEGORY CODE
Subject category code 821.162.4-3
Subject category code subdivision Slovenská próza
Source konspekt
080 ## - UNIVERSAL DECIMAL CLASSIFICATION NUMBER
Universal Decimal Classification number 821.162.4-31
Edition identifier 2011
100 1# - MAIN ENTRY--PERSONAL NAME
Personal name Rimová, Andrea,
Dates associated with a name 1985-
Relationship aut
245 10 - TITLE STATEMENT
Title Lavína
Remainder of title [človek musí stratiť, aby získal-]
Statement of responsibility, etc. Andrea Rimová
250 ## - EDITION STATEMENT
Edition statement 1. vyd.
260 ## - PUBLICATION, DISTRIBUTION, ETC.
Place of publication, distribution, etc. [Bratislava]
Name of publisher, distributor, etc. Motýľ
Date of publication, distribution, etc. 2014
300 ## - PHYSICAL DESCRIPTION
Extent 299 s.
Dimensions 21 cm
500 ## - GENERAL NOTE
General note Miesto vydania uvedené podľa ISBN
655 #7 - INDEX TERM--GENRE/FORM
Genre/form data or focus term slovenské romány
Source of term SNKPH
655 #7 - INDEX TERM--GENRE/FORM
Genre/form data or focus term Slovak fiction
Source of term SNKPHeng
910 ## - USER-OPTION DATA (OCLC)
User-option data pokpoh
910 ## - USER-OPTION DATA (OCLC)
User-option data totk
910 ## - USER-OPTION DATA (OCLC)
User-option data sllk
910 ## - USER-OPTION DATA (OCLC)
User-option data ttkjf
910 ## - USER-OPTION DATA (OCLC)
User-option data vthk
910 ## - USER-OPTION DATA (OCLC)
User-option data skpk
910 ## - USER-OPTION DATA (OCLC)
User-option data pppk
910 ## - USER-OPTION DATA (OCLC)
User-option data bjkdg
910 ## - USER-OPTION DATA (OCLC)
User-option data hevk
910 ## - USER-OPTION DATA (OCLC)
User-option data snk
910 ## - USER-OPTION DATA (OCLC)
User-option data bpksh
942 ## - ADDED ENTRY ELEMENTS (KOHA)
Source of classification or shelving scheme Dewey Decimal Classification
Koha item type Krásna literatúra pre dospelých
Suppress in OPAC No
949 ## - LOCAL PROCESSING INFORMATION (OCLC)
6 270001000647673
a svkbbA 163665
b svkbbm 797855
949 ## - LOCAL PROCESSING INFORMATION (OCLC)
6 17A1173007
a snkSC 166553
b snk2015/28276
o 2122/2015
s 6100:20151215
949 ## - LOCAL PROCESSING INFORMATION (OCLC)
6 17A1175610
a snkSC 166553 D1
b snk2015/32545
o 2122/2015
949 ## - LOCAL PROCESSING INFORMATION (OCLC)
6 3869A12224
a bpksh821.162.4-31
b bpksh67317
Holdings
Stav vyradenia Strata Poškodenie Spôsob nadobudnutia Domovská knižnica Aktuálna knižnica Dátum nadobudnutia Total checkouts Čiarový kód exemplára Date last seen Typ exemplára Date last checked out
      Dar Obecná knižnica Dražkovce Obecná knižnica Dražkovce 08.04.2026 1 4736500723 08.04.2026 Krásna literatúra pre dospelých 08.04.2026
      Dar Obecná knižnica Horná Štubňa Obecná knižnica Horná Štubňa 20.03.2026   9788081640414 20.03.2026 Krásna literatúra pre dospelých  
Projekt je podporený Slovenskou asociáciou knižníc
Prevádzkuje Turčianska knižnica Martin 2026